| 000 | 01716cad a2200349 4500 | ||
|---|---|---|---|
| 001 | L158763 | ||
| 008 | 100215n2015 000 0 eng u | ||
| 035 | _a(Sirsi) u158763 | ||
| 041 | _aeng | ||
| 110 | 2 |
_aRoyal Institution of Chartered Surveyors _94900 |
|
| 245 | 0 | 0 |
_aUtilization of BIM in construction cost and project management practices _bNorth America, China and the UK |
| 260 |
_aLondon _bRICS _c2015 |
||
| 490 | 0 | _aRICS Research | |
| 520 | _aAnalyses the factors shaping the development of BIM in the North American, Chinese and UK construction industries and provides insight in how to navigate these. The research assesses the opportunities and challenges facing construction professionals and the sector as a whole in the adoption of BIM in construction cost and project management. Based on this it formulates best practices and recommendations relevant to policy makers, professional bodies and practitioners which will help develop suitable strategies to foster the development of BIM in the future. | ||
| 650 | 2 | 4 | _aBUILDING INFORMATION MODELLING |
| 650 | 2 | 4 | _aCONSTRUCTION COSTS |
| 650 | 2 | 4 |
_aProject management _96261 |
| 650 | 2 | 4 | _aCONTRACT MANAGEMENT |
| 650 | 2 | 4 | _aEFFICIENCY |
| 650 | 2 | 4 | _aTRAINING AND EDUCATION |
| 651 | 4 | _aUnited Kingdom | |
| 651 | 4 |
_aUnited States _y1959- |
|
| 651 | 4 | _aChina | |
| 690 |
_aBIM _96219 |
||
| 700 | 1 | _aKissoon, Clint | |
| 700 | 1 | _aWillis, Christopher | |
| 700 | 1 | _aRegmi, Tulsi | |
| 700 | 1 | _aZhang, Jinyue | |
| 700 | 1 | _aCheung, Franco | |
| 856 | 4 | 8 |
_uhttps://www.isurv.com/downloads/download/1993/utilization_of_bim_in_construction_cost_and_project_management_practices_rics _zarchived on isurv (subscription required) |
| 942 |
_n0 _2ddc |
||
| 999 |
_c115496 _d115496 |
||